[Event "24th European Teams"]
[Site "Budva MNE"]
[Date "2023.11.11"]
[EventDate "2023.11.11"]
[Round "1.10"]
[Result "0-1"]
[White "Vignir Vatnar Stefansson"]
[Black "Aleksandar Indjic"]
[WhiteElo "2483"]
[BlackElo "2601"]
[PlyCount "120"]

1. d4 Nf6 2. c4 e6 3. Nf3 d5 4. g3 Be7 5. Bg2 O-O 6. O-O dxc4 7. Qc2 b6 8.
Bg5 Nd5 9. Bxe7 Qxe7 10. Rc1 b5 11. b3 cxb3 12. axb3 c6 13. Ne5 Bb7 14. Nd2
Nb4 15. Qc3 N8a6 16. Ne4 f6 17. Nd3 Nxd3 18. Qxd3 Rfd8 19. Qe3 e5 20. dxe5
Qxe5 21. Qc3 Qxc3 22. Nxc3 Nc5 23. Rab1 Rac8 24. b4 Na6 25. e3 Kf8 26. Ne2
Rd6 27. Nd4 g6 28. g4 Ke7 29. h4 Kd7 30. h5 gxh5 31. Nf5 Rd2 32. gxh5 Rg8
33. Ng3 Kc7 34. Kf1 Rdd8 35. Be4 Rd7 36. Nf5 Kb6 37. Nd4 Rc7 38. Ke2 Re8
39. Bf3 Re5 40. Kd2 Nb8 41. Be2 Rce7 42. Rc3 a5 43. bxa5+ Kxa5 44. f4 Rd5
45. Bf3 Rd8 46. Rd3 Kb6 47. Kc2 Na6 48. Rdb3 Nc7 49. h6 Nd5 50. Bxd5 Rxd5
51. Rg1 Ba6 52. Rg7 Red7 53. Nf3 Bc8 54. e4 Rh5 55. Rg8 Rc7 56. Nd4 Rxh6
57. Rf8 Rh2+ 58. Kc3 Kc5 59. Rxf6 b4+ 60. Kd3 Rh3+ 0-1

[Event "24th European Teams"]
[Site "Budva MNE"]
[Date "2023.11.11"]
[EventDate "2023.11.11"]
[Round "1.10"]
[Result "1-0"]
[White "Robert Markus"]
[Black "Gudmundur Kjartansson"]
[WhiteElo "2582"]
[BlackElo "2449"]
[PlyCount "124"]

1. c4 Nf6 2. g3 e6 3. Bg2 d5 4. Nf3 Be7 5. O-O O-O 6. d3 c5 7. Ne5 Nbd7 8.
Nxd7 Bxd7 9. e4 Bc6 10. Qe2 dxc4 11. dxc4 Qc8 12. Nc3 b6 13. b3 Nd7 14. f4
Bb7 15. Bb2 Nb8 16. Qg4 g6 17. Rad1 Nc6 18. Nb5 a6 19. Nd6 Bxd6 20. Rxd6
Rd8 21. Be5 Rxd6 22. Bxd6 Qd7 23. e5 Nd4 24. Qh3 Nf5 25. g4 Nd4 26. Bxb7
Qxb7 27. Qg2 Qxg2+ 28. Kxg2 a5 29. Rb1 h5 30. h3 Ra7 31. a3 Kg7 32. Kf2
hxg4 33. hxg4 g5 34. fxg5 Kg6 35. Rb2 Kxg5 36. Kg3 Nc6 37. a4 Nd4 38. Rf2
Rd7 39. Kh3 Kg6 40. Kh4 Nc6 41. g5 Nd4 42. Rf6+ Kg7 43. Kg4 Nc6 44. Kh5 Nd8
45. g6 fxg6+ 46. Rxg6+ Kf7 47. Kh6 Rxd6 48. Rg7+ Kf8 49. exd6 Nf7+ 50. Kg6
Nxd6 51. Ra7 Ne4 52. Rb7 Ke8 53. Rxb6 Ke7 54. Ra6 Nd2 55. Rxa5 Nxb3 56. Rb5
Nd4 57. Rb6 Nf3 58. a5 Ne5+ 59. Kg5 Nxc4 60. Rb7+ Kd6 61. a6 Kc6 62. Rb8
1-0

[Event "24th European Teams"]
[Site "Budva MNE"]
[Date "2023.11.11"]
[EventDate "2023.11.11"]
[Round "1.11"]
[Result "1-0"]
[White "Daniel Dardha"]
[Black "Pawel Teclaf"]
[WhiteElo "2575"]
[BlackElo "2571"]
[PlyCount "84"]

1. c4 c6 2. Nf3 d5 3. e3 Nf6 4. Qc2 Bg4 5. Ne5 Be6 6. d4 dxc4 7. Bxc4 Bxc4
8. Qxc4 e6 9. O-O Nbd7 10. Nxd7 Qxd7 11. Nc3 Be7 12. Rd1 a5 13. Qe2 O-O 14.
e4 b5 15. Bg5 h6 16. Bh4 Qb7 17. e5 Nd5 18. Nxd5 cxd5 19. Bxe7 Qxe7 20.
Rac1 Rfc8 21. Qxb5 Rxc1 22. Rxc1 Qb4 23. Qxb4 axb4 24. Ra1 Rc8 25. a4 bxa3
26. bxa3 Rc4 27. a4 Rxd4 28. a5 Rc4 29. a6 Rc8 30. Rb1 Ra8 31. Rb6 Rc8 32.
f4 Rc1+ 33. Kf2 Ra1 34. Ke3 Ra4 35. g4 Kh7 36. f5 Rxg4 37. a7 Ra4 38. Rb7
d4+ 39. Kd3 exf5 40. Rxf7 Kg6 41. e6 f4 42. Rc7 1-0

[Event "24th European Teams"]
[Site "Budva MNE"]
[Date "2023.11.11"]
[EventDate "2023.11.11"]
[Round "1.11"]
[Result "1-0"]
[White "Mateusz Bartel"]
[Black "Igor Glek"]
[WhiteElo "2651"]
[BlackElo "2435"]
[PlyCount "104"]

1. d4 f5 2. Bg5 g6 3. Nc3 Bg7 4. Nf3 h6 5. Bd2 e6 6. e4 Ne7 7. exf5 exf5 8.
h4 d5 9. Bf4 a6 10. Qe2 O-O 11. O-O-O Nbc6 12. g3 Bd7 13. Bg2 Be8 14. Ne5
Nxe5 15. dxe5 c6 16. Qe3 Kh7 17. Na4 Qa5 18. b3 b5 19. Qc5 Qd8 20. Nb2 Nc8
21. Nd3 Rf7 22. e6 Rb7 23. Rhe1 a5 24. Be5 b4 25. Bxg7 Rxg7 26. Qd4 Nd6 27.
Qe5 Raa7 28. Nf4 a4 29. Bxd5 cxd5 30. Nxd5 axb3 31. axb3 Kh8 32. Nxb4 Qb6
33. Nd5 Qc5 34. Nf6 Qa3+ 35. Qb2 Qb4 36. Nxe8 Nxe8 37. Re3 Kh7 38. Rd7 Qb6
39. h5 gxh5 40. Qe5 Ra5 41. Rd5 Rxd5 42. Qxd5 Qa6 43. Qxf5+ Kg8 44. Qxh5
Nf6 45. Qe5 Qf1+ 46. Kb2 Qxf2 47. Rd3 Re7 48. Rd4 Ne8 49. Rf4 Qa7 50. Rf8+
Kh7 51. Qh8+ Kg6 52. Rxe8 1-0

[Event "24th European Teams"]
[Site "Budva MNE"]
[Date "2023.11.11"]
[EventDate "2023.11.11"]
[Round "1.11"]
[Result "1-0"]
[White "Szymon Gumularz"]
[Black "Lennert Lenaerts"]
[WhiteElo "2580"]
[BlackElo "2322"]
[PlyCount "156"]

1. c4 Nf6 2. Nf3 e6 3. Nc3 d5 4. e3 a6 5. b3 Bd6 6. g3 O-O 7. Bg2 Re8 8.
O-O b6 9. cxd5 exd5 10. Bb2 Bb7 11. Rc1 Nbd7 12. Ne2 c6 13. Nf4 Rc8 14. d4
a5 15. Re1 Qe7 16. Re2 Ba3 17. Bh3 Bxb2 18. Rxb2 Ra8 19. Nd3 Ne4 20. Rbc2
f6 21. Nf4 Red8 22. Rxc6 Bxc6 23. Rxc6 Nf8 24. Qc2 Ra7 25. Rxb6 Rc7 26. Rc6
Rxc6 27. Qxc6 Qd6 28. Qb5 Qb4 29. Qxb4 axb4 30. Nd3 Rb8 31. Nfe1 Nc3 32.
Bg2 Rb5 33. Nc5 Kf7 34. Ned3 Ne6 35. Na6 Nxa2 36. Ndc5 Nxc5 37. dxc5 Ke7
38. Bxd5 Nc1 39. Bc4 Ra5 40. c6 Rxa6 41. Bxa6 Kd6 42. Bc4 Kxc6 43. g4 g5
44. Kg2 Na2 45. f4 Nc3 46. Kf3 Kc5 47. Bd3 h6 48. Bc4 Nb1 49. Bg8 Nc3 50.
Be6 Kd6 51. Bf7 Kc5 52. Bg8 Kd6 53. Bh7 Kc5 54. Bd3 Kd5 55. Ba6 Kc5 56. Bc4
Nb1 57. Ke2 gxf4 58. exf4 Kd4 59. Bg8 Nc3+ 60. Kf3 Ne4 61. h4 Nd2+ 62. Ke2
Ne4 63. h5 Nc5 64. g5 fxg5 65. fxg5 Ke5 66. gxh6 Kf6 67. Ke3 Nb7 68. Kd4
Nd6 69. Kc5 Nf5 70. Kxb4 Nxh6 71. Bd5 Ng4 72. Kc5 Ne5 73. Be4 Nd7+ 74. Kd6
Ne5 75. b4 Nc4+ 76. Kc5 Na3 77. h6 Kf7 78. Bd3 1-0

[Event "24th European Teams"]
[Site "Budva MNE"]
[Date "2023.11.11"]
[EventDate "2023.11.11"]
[Round "1.12"]
[Result "1/2-1/2"]
[White "Vilka Sipila"]
[Black "Benjamin Gledura"]
[WhiteElo "2429"]
[BlackElo "2633"]
[PlyCount "104"]

1. e4 c5 2. Nf3 Nc6 3. d4 cxd4 4. Nxd4 Nf6 5. Nc3 e5 6. Ndb5 d6 7. Nd5 Nxd5
8. exd5 Nb8 9. a4 Be7 10. Be2 O-O 11. O-O Nd7 12. b4 a6 13. Na3 a5 14. bxa5
Ra7 15. a6 Rxa6 16. Nc4 Ra8 17. Be3 f5 18. a5 Rf6 19. f4 Qf8 20. fxe5 Nxe5
21. Nb6 Rb8 22. c4 Nd7 23. Nxd7 Bxd7 24. Rb1 Bd8 25. a6 b6 26. Qb3 Qe7 27.
Rfe1 Ba4 28. Qxa4 Qxe3+ 29. Kh1 b5 30. cxb5 Bb6 31. Bf3 Qf2 32. Re2 Qc5 33.
Qc2 Qd4 34. g3 Bc5 35. Qb3 Rff8 36. Qd1 Rxb5 37. Rd2 Qxd2 38. Rxb5 Qa2 39.
Qe2 Qxa6 40. Qe6+ Kh8 41. Qxf5 Qa8 42. Qb1 Qe8 43. Rb3 Ba7 44. Ra3 Bd4 45.
Rb3 g6 46. Qd1 Qe5 47. Kg2 Bc5 48. Qd2 Kg8 49. Qh6 Qf5 50. Qc1 h5 51. Qb1
Qxb1 52. Rxb1 Kg7 1/2-1/2

[Event "24th European Teams"]
[Site "Budva MNE"]
[Date "2023.11.11"]
[EventDate "2023.11.11"]
[Round "1.12"]
[Result "1-0"]
[White "Adam Kozak"]
[Black "Tapani Sammalvuo"]
[WhiteElo "2578"]
[BlackElo "2381"]
[PlyCount "40"]

1. d4 d5 2. c4 e6 3. Nc3 Be7 4. cxd5 exd5 5. Bf4 c6 6. e3 Bf5 7. Nge2 Nd7
8. h4 h5 9. Ng3 Bg6 10. Bd3 Bxd3 11. Qxd3 Ngf6 12. O-O-O Qa5 13. Nf5 Bf8
14. Kb1 O-O-O 15. Rc1 g6 16. Nd6+ Bxd6 17. Bxd6 Rhe8 18. f3 Re6 19. Bf4
Rde8 20. Nb5 1-0

[Event "24th European Teams"]
[Site "Budva MNE"]
[Date "2023.11.11"]
[EventDate "2023.11.11"]
[Round "1.12"]
[Result "0-1"]
[White "Oliver Wartiovaara"]
[Black "Imre Balog"]
[WhiteElo "2270"]
[BlackElo "2617"]
[PlyCount "102"]

1. e4 e6 2. d4 d5 3. Nc3 Nf6 4. e5 Nfd7 5. f4 c5 6. Nf3 Nc6 7. Be3 a6 8.
Qd2 Be7 9. dxc5 Nxc5 10. O-O-O Qa5 11. Kb1 Bd7 12. f5 Rc8 13. fxe6 fxe6 14.
Bg5 Qd8 15. h4 O-O 16. Bd3 Be8 17. Ne2 Bh5 18. Qe3 Nxd3 19. cxd3 d4 20. Qe4
Bg6 21. Qg4 Bf5 22. Qg3 Rf7 23. Nf4 Qa5 24. Bxe7 Rxe7 25. Rc1 Rec7 26. a3
Nxe5 27. Nxd4 Rxc1+ 28. Rxc1 Rxc1+ 29. Kxc1 Qc5+ 30. Nc2 Qd6 31. Ne1 Ng6
32. Ne2 Qxg3 33. Nxg3 Nxh4 34. Kd2 Kf7 35. Ke3 Ke7 36. Kf4 Ng6+ 37. Ke3 Ne5
38. Kd4 Kd6 39. Nh5 g5 40. Nf6 Ng4 41. Ne4+ Bxe4 42. Kxe4 Nf2+ 43. Kf3 Nd1
44. Kg4 h6 45. Kh5 Ke5 46. Kxh6 Kf4 47. b4 g4 48. Kh5 Ne3 49. Kh4 Nf5+ 50.
Kh5 e5 51. Nc2 Ne3 0-1

[Event "24th European Teams"]
[Site "Budva MNE"]
[Date "2023.11.11"]
[EventDate "2023.11.11"]
[Round "1.13"]
[Result "0-1"]
[White "Nikola Nikolovski"]
[Black "David Navara"]
[WhiteElo "2405"]
[BlackElo "2695"]
[PlyCount "92"]

1. e4 c5 2. Nc3 d6 3. f4 g6 4. Nf3 Bg7 5. Bb5+ Bd7 6. a4 Nc6 7. d3 a6 8.
Bxc6 Bxc6 9. a5 Nf6 10. O-O O-O 11. Qe1 e6 12. Kh1 Rc8 13. e5 Nd5 14. Ne4
Nb4 15. Qf2 dxe5 16. fxe5 Bxe4 17. dxe4 f5 18. exf6 Qxf6 19. Qe2 c4 20. Rb1
Qd8 21. Ra1 Qd7 22. h4 Qb5 23. Bg5 Bxb2 24. Rab1 c3 25. Qf2 Qxa5 26. Rbd1
Qb5 27. Bh6 Rf7 28. Rd6 Qh5 29. Be3 Qg4 30. Rfd1 Qxe4 31. Bh6 Nd5 32. Qc5
Rff8 33. Qf2 Ba3 34. Rd7 Rf5 35. Rg7+ Kh8 36. Rxb7 Bf8 37. Bxf8 Rcxf8 38.
Re1 Ne3 39. Qxe3 Qxb7 40. Qxc3+ Kg8 41. Rxe6 Rxf3 42. gxf3 Rxf3 43. Qc6
Qb1+ 44. Kh2 Rf2+ 45. Kg3 Qg1+ 46. Kh3 Rh2# 0-1

[Event "24th European Teams"]
[Site "Budva MNE"]
[Date "2023.11.11"]
[EventDate "2023.11.11"]
[Round "1.13"]
[Result "1/2-1/2"]
[White "Toni Lazov"]
[Black "Stepan Zilka"]
[WhiteElo "2377"]
[BlackElo "2609"]
[PlyCount "90"]

1. e4 c5 2. Nc3 d6 3. f4 Nc6 4. Nf3 g6 5. Bb5 Bd7 6. O-O Bg7 7. a4 e6 8.
Be2 Nge7 9. Nb5 Qb8 10. c3 a6 11. Na3 b5 12. d4 cxd4 13. axb5 axb5 14. cxd4
b4 15. Nc2 Rxa1 16. Nxa1 Qa7 17. Nb3 e5 18. Be3 O-O 19. Bf2 exd4 20. Nbxd4
Nxd4 21. Bxd4 Bxd4+ 22. Qxd4 Qxd4+ 23. Nxd4 d5 24. e5 Nf5 25. Rd1 Rc8 26.
Nxf5 Bxf5 27. Rxd5 Rc2 28. Bd3 Rxb2 29. Bxf5 gxf5 30. h3 b3 31. Rb5 h5 32.
g4 hxg4 33. hxg4 fxg4 34. f5 Kg7 35. Rb4 Kh6 36. e6 fxe6 37. fxe6 Kg7 38.
Rxg4+ Kf6 39. Re4 Ke7 40. Re3 Rb1+ 41. Kg2 b2 42. Rb3 Kxe6 43. Rb6+ Kd5 44.
Rb8 Kc4 45. Rc8+ Kb3 1/2-1/2

[Event "24th European Teams"]
[Site "Budva MNE"]
[Date "2023.11.11"]
[EventDate "2023.11.11"]
[Round "1.14"]
[Result "1-0"]
[White "Ante Brkic"]
[Black "Llambi Pasko"]
[WhiteElo "2622"]
[BlackElo "2395"]
[PlyCount "94"]

1. e4 e5 2. Nf3 Nc6 3. Bb5 a6 4. Ba4 Nf6 5. d3 b5 6. Bb3 Bc5 7. c3 d6 8.
Bg5 h6 9. Bh4 O-O 10. O-O Bb6 11. a4 Rb8 12. Nbd2 g5 13. Bg3 Bg4 14. Kh1
Ne7 15. d4 Ng6 16. h3 Bh5 17. Qc2 Qe7 18. Rfe1 Kh8 19. axb5 axb5 20. Qd3
Rfd8 21. Ba2 c6 22. Bb3 Rg8 23. Bd1 Qe6 24. Bb3 Qe7 25. Bd1 Qe6 26. Nf1 g4
27. hxg4 Nxg4 28. Qd2 Kh7 29. N3h2 Nf6 30. Bxh5 Nxh5 31. Ne3 Ne7 32. Bh4
Ng6 33. Nf5 Nxh4 34. Nxh4 Bd8 35. Nf5 Bg5 36. Qe2 Nf4 37. Qf3 d5 38. g3 Ng6
39. Ng4 exd4 40. cxd4 Rbe8 41. e5 Ne7 42. Nd6 Ref8 43. Kg2 Ng6 44. Ra7 Be7
45. Qf5 Rg7 46. Rh1 Bg5 47. Qxg5 1-0

[Event "24th European Teams"]
[Site "Budva MNE"]
[Date "2023.11.11"]
[EventDate "2023.11.11"]
[Round "1.15"]
[Result "0-1"]
[White "Milos Pecurica"]
[Black "Tamir Nabaty"]
[WhiteElo "2342"]
[BlackElo "2632"]
[PlyCount "84"]

1. d4 d5 2. c4 dxc4 3. e3 e6 4. Bxc4 a6 5. Nf3 b5 6. Bd3 Bb7 7. a4 b4 8.
O-O Nf6 9. Nbd2 c5 10. e4 cxd4 11. e5 Nfd7 12. Nc4 Be7 13. Bg5 O-O 14. Bxe7
Qxe7 15. Rc1 Nc6 16. Be4 Nc5 17. Bxc6 Bxc6 18. Nd6 Bxa4 19. b3 Nxb3 20. Rb1
Nc5 21. Qxd4 Nd7 22. Qxb4 Bc6 23. Nd4 Bd5 24. f4 f6 25. exf6 Rxf6 26. Ne4
Rf7 27. Qxe7 Rxe7 28. Nc3 Nf6 29. Rfe1 Rc7 30. Nxd5 exd5 31. Ne6 Rca7 32.
Re3 a5 33. Ra3 a4 34. Nc5 Ra5 35. Nb7 Rb8 36. Nxa5 Rxb1+ 37. Kf2 Rb4 38. g3
Ng4+ 39. Ke2 Nxh2 40. Nc6 Re4+ 41. Kd2 Nf1+ 42. Kd1 Ne3+ 0-1

[Event "24th European Teams"]
[Site "Budva MNE"]
[Date "2023.11.11"]
[EventDate "2023.11.11"]
[Round "1.15"]
[Result "1-0"]
[White "Evgeny Postny"]
[Black "Peko Djurovic"]
[WhiteElo "2577"]
[BlackElo "2344"]
[PlyCount "96"]

1. d4 d5 2. c4 e6 3. Nf3 Nf6 4. g3 Be7 5. Bg2 O-O 6. O-O dxc4 7. Qc2 a6 8.
a4 Bd7 9. Qxc4 Bc6 10. Bf4 a5 11. Nc3 Na6 12. Rad1 Nb4 13. Ne5 Bxg2 14.
Kxg2 Nbd5 15. Bc1 c6 16. Qd3 Nxc3 17. bxc3 Qd5+ 18. f3 c5 19. Qb1 cxd4 20.
cxd4 Rfd8 21. e4 Qd6 22. Qxb7 Qb4 23. Qxb4 axb4 24. Nc6 Rd7 25. a5 Rc7 26.
Nxe7+ Rxe7 27. Bd2 Rxa5 28. Bxb4 Ra2+ 29. Rf2 Rxf2+ 30. Kxf2 Rb7 31. Rc1 g5
32. Rc4 g4 33. Ke3 gxf3 34. Kxf3 Ra7 35. Bc3 Ra2 36. d5 exd5 37. exd5 Ra3
38. d6 Kg7 39. Kf4 Kg6 40. Bxf6 Kxf6 41. Rd4 Ra8 42. d7 Rd8 43. Kg4 Kg6 44.
Rd6+ f6 45. h4 Kf7 46. Kh5 Kg7 47. Rd1 h6 48. Kg4 1-0

[Event "24th European Teams"]
[Site "Budva MNE"]
[Date "2023.11.11"]
[EventDate "2023.11.11"]
[Round "1.17"]
[Result "0-1"]
[White "Hogni Egilstoft Nielsen"]
[Black "Nikolas Theodorou"]
[WhiteElo "2387"]
[BlackElo "2619"]
[PlyCount "102"]

1. e4 e5 2. Nf3 Nc6 3. Bc4 Nf6 4. d3 h6 5. c3 d6 6. a4 g6 7. Nbd2 Bg7 8.
Nf1 O-O 9. Ng3 d5 10. exd5 Nxd5 11. O-O Kh7 12. a5 Rb8 13. Re1 f5 14. h3
Be6 15. Bb5 Nde7 16. Qa4 Bd5 17. Nh2 a6 18. Bc4 Bxc4 19. Qxc4 Qd7 20. Nf3
Rbd8 21. Bg5 Qxd3 22. Qxd3 Rxd3 23. Bxe7 Nxe7 24. Nxe5 Rd5 25. Nd3 Nc6 26.
Nf4 Rd6 27. Ne6 Rf7 28. Nxg7 Kxg7 29. b4 Rd3 30. Rac1 Re7 31. Kf1 Red7 32.
Ne2 g5 33. Ng3 Kf6 34. Re8 Rd8 35. Rxd8 Rxd8 36. Ke2 Ne5 37. Rd1 Rxd1 38.
Kxd1 Nd3 39. Ke2 Nf4+ 40. Kf3 Ke5 41. c4 Nd3 42. b5 Nb2 43. c5 axb5 44. c6
bxc6 45. a6 Nc4 46. Nf1 Nb6 47. Ne3 h5 48. Ke2 c5 49. a7 f4 50. Nd1 Kd4 51.
Kd2 b4 0-1

[Event "24th European Teams"]
[Site "Budva MNE"]
[Date "2023.11.11"]
[EventDate "2023.11.11"]
[Round "1.17"]
[Result "1-0"]
[White "Dimitrios Mastrovasilis"]
[Black "Martin Poulsen"]
[WhiteElo "2573"]
[BlackElo "2291"]
[PlyCount "90"]

1. e4 e6 2. d4 d5 3. Nc3 dxe4 4. Nxe4 Nd7 5. g3 Ngf6 6. Nxf6+ Nxf6 7. Nf3
Bd7 8. Bg2 Bc6 9. O-O Bd6 10. Re1 O-O 11. c4 Re8 12. Qc2 Bxf3 13. Bxf3 c6
14. Be3 e5 15. dxe5 Bxe5 16. Rad1 Qc7 17. Re2 Re6 18. b4 Rae8 19. b5 c5 20.
Rde1 Bd6 21. Kg2 h6 22. a4 R8e7 23. Qd2 Ne4 24. Qd3 Nf6 25. a5 Qxa5 26.
Bxh6 Rxe2 27. Rxe2 Rxe2 28. Bxe2 Qc7 29. Bd2 Qe7 30. Bf3 b6 31. h4 Qe6 32.
h5 Nd7 33. Bd5 Qf6 34. f4 Qb2 35. Kh3 Nf6 36. Bc3 Qb3 37. h6 Bf8 38. h7+
Kh8 39. Bxf7 Qa3 40. Bg6 Be7 41. Qf3 Bf8 42. Qd3 Be7 43. Bxf6 Qxd3 44.
Bxg7+ Kxg7 45. Bxd3 1-0

[Event "24th European Teams"]
[Site "Budva MNE"]
[Date "2023.11.11"]
[EventDate "2023.11.11"]
[Round "1.17"]
[Result "1/2-1/2"]
[White "Rogvi Egilstoft"]
[Black "Ioannis Papaioannou"]
[WhiteElo "2254"]
[BlackElo "2623"]
[PlyCount "120"]

1. e4 c5 2. c3 d5 3. exd5 Qxd5 4. d4 Nf6 5. Nf3 e6 6. Be2 cxd4 7. cxd4 Nc6
8. O-O Be7 9. Nc3 Qd6 10. Bg5 O-O 11. Qd2 b6 12. Nb5 Qd8 13. Ne5 Bb7 14.
Bf3 Nd5 15. Bxe7 Ncxe7 16. Rac1 f6 17. Nd3 Qd7 18. a4 a6 19. Nc7 Rac8 20.
Nxd5 Bxd5 21. Bxd5 Nxd5 22. a5 bxa5 23. Qxa5 Qb5 24. Qxb5 axb5 25. g3 Kf7
26. Nc5 Ra8 27. Rfe1 Rfc8 28. Ra1 Rxa1 29. Rxa1 Rc7 30. Ra5 b4 31. Kg2 Ne7
32. Rb5 Nc6 33. Nxe6 Rd7 34. d5 Ne7 35. Rxb4 Nxd5 36. Nc5 Nxb4 37. Nxd7 Nd3
38. b3 Ne1+ 39. Kf1 Nf3 40. Kg2 Ne1+ 41. Kg1 Ke6 42. Nf8+ Kf7 43. Nxh7 Nc2
44. f4 g6 45. Kf2 Kg7 46. Nxf6 Kxf6 47. g4 Ke6 48. Kg3 Kf6 49. h3 Ke6 50.
h4 Kf6 51. g5+ Kf5 52. h5 gxh5 53. Kh4 Kg6 54. f5+ Kxf5 55. Kxh5 Nd4 56. b4
Ne6 57. b5 Ke5 58. g6 Nf4+ 59. Kg5 Nxg6 60. Kxg6 Kd6 1/2-1/2

[Event "24th European Teams"]
[Site "Budva MNE"]
[Date "2023.11.11"]
[EventDate "2023.11.11"]
[Round "1.18"]
[Result "1-0"]
[White "Luca Jr Moroni"]
[Black "Nderim Saraci"]
[WhiteElo "2575"]
[BlackElo "2466"]
[PlyCount "70"]

1. c4 Nf6 2. Nc3 e5 3. e3 d5 4. cxd5 Nxd5 5. Nf3 Nxc3 6. bxc3 Bd6 7. d4 Nd7
8. Bd3 Qe7 9. e4 O-O 10. O-O c5 11. d5 f5 12. exf5 e4 13. Re1 Nf6 14. g4
Qc7 15. Bxe4 Nxg4 16. Ng5 Bxh2+ 17. Kg2 Nf6 18. Ne6 Bxe6 19. fxe6 Nxe4 20.
Rxe4 Be5 21. Be3 b5 22. Rb1 a6 23. a4 Rab8 24. Qe2 c4 25. axb5 axb5 26. Rd1
Qd6 27. Bc5 Qxc5 28. Rxe5 Qd6 29. e7 Rfe8 30. Re6 Qd7 31. Qe4 Rb7 32. d6
Rb6 33. Rh1 Rxd6 34. Qxh7+ Kf7 35. Qg6+ 1-0

[Event "24th European Teams"]
[Site "Budva MNE"]
[Date "2023.11.11"]
[EventDate "2023.11.11"]
[Round "1.4"]
[Result "1/2-1/2"]
[White "Bogdan-Daniel Deac"]
[Black "Valentin Dragnev"]
[WhiteElo "2700"]
[BlackElo "2589"]
[PlyCount "194"]

1. Nf3 Nf6 2. g3 e6 3. Bg2 Be7 4. O-O O-O 5. d4 d5 6. a3 b6 7. c4 c6 8. Qc2
Bb7 9. Rd1 Nbd7 10. Nc3 h6 11. Nd2 Rc8 12. b3 c5 13. dxc5 Bxc5 14. e3 Qc7
15. cxd5 exd5 16. Bb2 d4 17. Nb5 Qb8 18. Bxb7 Qxb7 19. exd4 Bxd4 20. Nc4
Bxb2 21. Qxb2 Rc5 22. a4 Ng4 23. Qe2 Nde5 24. Nxe5 Nxe5 25. Nd6 Nf3+ 26.
Kh1 Rh5 27. h4 Qa8 28. Qe4 Qxe4 29. Nxe4 Nxh4 30. Rd7 Re8 31. Nc3 Ng6+ 32.
Kg2 Rc5 33. Nb5 a6 34. Nc7 Re2 35. Nxa6 Rcc2 36. Rf1 Ne5 37. Rd8+ Kh7 38.
Re8 Nd3 39. Rxe2 Rxe2 40. Kf3 Rb2 41. b4 Ra2 42. Ke3 Nb2 43. Nc7 Rxa4 44.
Nd5 Ra3+ 45. Ke2 Nc4 46. Rc1 Ra2+ 47. Ke1 b5 48. Nc3 Rb2 49. Nxb5 Rxb4 50.
Rc3 Rb1+ 51. Ke2 Rb2+ 52. Ke1 Ne5 53. Nd6 Rb6 54. Nf5 Rb1+ 55. Ke2 Rb2+ 56.
Ke1 Rb1+ 57. Ke2 Rb2+ 58. Ke1 g6 59. f4 Ng4 60. Nd6 Rb1+ 61. Ke2 Rb2+ 62.
Ke1 f5 63. Rc7+ Kg8 64. Nc8 Kf8 65. Ne7 Rb6 66. Kf1 Re6 67. Nd5 Rd6 68. Nb4
Rd2 69. Rc8+ Kf7 70. Rc7+ Ke8 71. Rc6 Kf7 72. Rc7+ Ke8 73. Rc6 g5 74. fxg5
hxg5 75. Rc3 Kf7 76. Nd3 Kg6 77. Ne1 Kh5 78. Nf3 Ra2 79. Rb3 Nh2+ 80. Nxh2
Rxh2 81. Rb4 Ra2 82. Kg1 Re2 83. Ra4 Rb2 84. Rc4 Re2 85. Ra4 Re4 86. Ra2
Kg4 87. Kg2 Rc4 88. Rb2 Rc3 89. Rb4+ f4 90. gxf4 gxf4 91. Rb2 Rg3+ 92. Kf2
Rd3 93. Kg2 Rg3+ 94. Kf2 Rh3 95. Kg2 f3+ 96. Kg1 Kg3 97. Rg2+ fxg2 1/2-1/2

[Event "24th European Teams"]
[Site "Budva MNE"]
[Date "2023.11.11"]
[EventDate "2023.11.11"]
[Round "1.5"]
[Result "1-0"]
[White "Alexander Donchenko"]
[Black "Kaan Kucuksari"]
[WhiteElo "2664"]
[BlackElo "2474"]
[PlyCount "166"]

1. d4 Nf6 2. c4 g6 3. Nc3 Bg7 4. e4 d6 5. Be2 O-O 6. Nf3 e5 7. O-O Nc6 8.
d5 Ne7 9. b4 a5 10. bxa5 Rxa5 11. a4 Ra8 12. Nd2 h6 13. Re1 Kh8 14. Ba3 c5
15. dxc6 bxc6 16. Nf1 c5 17. Nb5 Ra6 18. Qd3 Bb7 19. Bf3 Nf5 20. Rab1 Nh4
21. Bd1 Nxe4 22. Rxe4 Nxg2 23. Kxg2 f5 24. Nc3 fxe4 25. Nxe4 Bc6 26. f3
Bxa4 27. Bxa4 Rxa4 28. Nxd6 Kh7 29. Rb3 e4 30. Nxe4 Qxd3 31. Rxd3 Rxc4 32.
Bxc5 Rc2+ 33. Bf2 Rf7 34. Ne3 Ra2 35. Ng4 Ra8 36. Bg3 Ra2+ 37. Kh3 Ra5 38.
Be1 Ra1 39. Bf2 Ra2 40. Kg3 Ra5 41. Be1 Ra1 42. Bd2 Rg1+ 43. Kh3 Rf5 44.
Ng3 Rf7 45. Ne2 Rd1 46. Nf2 Ra1 47. Ne4 Ra2 48. Kg2 Ra8 49. Nf4 Be5 50. Nd5
Ra4 51. Be3 Ra2+ 52. Bf2 Kg7 53. Nb4 Ra8 54. Nc6 Ba1 55. Nd8 Rf5 56. Rd7+
Kg8 57. Rd6 Be5 58. Rxg6+ Kh7 59. Nc6 Kxg6 60. Ne7+ Kh7 61. Nxf5 Rf8 62.
Nh4 Ra8 63. Bg3 Bb2 64. Kh3 Ra5 65. Bf4 Bg7 66. Kg4 Rd5 67. Ng3 Bf8 68. Be3
Re5 69. Ng2 Rb5 70. h4 Rb2 71. Nf4 Rb3 72. Nf5 Ra3 73. h5 Ra4 74. Bd4 Ra6
75. Nd5 Kg8 76. Nf6+ Kf7 77. Nd7 Ba3 78. Ne5+ Kg8 79. Be3 Bf8 80. Ng6 Ra4+
81. Bf4 Bg7 82. Nge7+ Kf7 83. Nxg7 1-0

[Event "24th European Teams"]
[Site "Budva MNE"]
[Date "2023.11.11"]
[EventDate "2023.11.11"]
[Round "1.6"]
[Result "1-0"]
[White "Luke J Mcshane"]
[Black "Nikolozi Kacharava"]
[WhiteElo "2626"]
[BlackElo "2519"]
[PlyCount "158"]

1. e4 c5 2. Nf3 e6 3. d4 cxd4 4. Nxd4 Nc6 5. Nb5 d6 6. c4 Nf6 7. N1c3 a6 8.
Nd4 Be7 9. Be2 O-O 10. O-O d5 11. cxd5 exd5 12. Nxc6 bxc6 13. exd5 Nxd5 14.
Nxd5 cxd5 15. Be3 Bf6 16. Bd4 Rb8 17. b3 Re8 18. Bf3 Be6 19. Qd2 Bxd4 20.
Qxd4 Qd6 21. Rfc1 Rec8 22. h3 h6 23. Rxc8+ Rxc8 24. Rd1 Qa3 25. Rd2 Qc1+
26. Rd1 Qa3 27. Qd2 a5 28. Kh2 Qd6+ 29. g3 Rc5 30. Qb2 Qb6 31. Rd2 Qb4 32.
h4 Qb5 33. Kg2 Qc6 34. Qd4 Rc2 35. a3 Qc3 36. Qxc3 Rxc3 37. Bxd5 Bxd5+ 38.
Rxd5 Rxb3 39. Rxa5 h5 40. a4 Ra3 41. Ra8+ Kh7 42. a5 g6 43. Kf1 Ra2 44. a6
Kg7 45. Kg2 Ra3 46. Kf1 Ra2 47. Ke1 Kf6 48. f3 Ra3 49. Ke2 Kg7 50. Kf2 Kf6
51. g4 hxg4 52. fxg4 Ra4 53. g5+ Kf5 54. a7 Rf4+ 55. Kg2 Rg4+ 56. Kh3 Ra4
57. h5 Ra3+ 58. Kh2 Ra2+ 59. Kh1 Ra1+ 60. Kg2 Ra2+ 61. Kg1 Ra1+ 62. Kf2
Ra2+ 63. Kf1 Ra1+ 64. Ke2 Ra2+ 65. Ke1 Ra1+ 66. Kd2 Ra2+ 67. Kd1 Ra1+ 68.
Kc2 gxh5 69. g6 fxg6 70. Rf8+ Kg4 71. a8=Q Rxa8 72. Rxa8 Kf3 73. Kd2 Kf2
74. Rh8 g5 75. Rxh5 g4 76. Rf5+ Kg2 77. Ke2 g3 78. Rg5 Kh2 79. Kf3 1-0

[Event "24th European Teams"]
[Site "Budva MNE"]
[Date "2023.11.11"]
[EventDate "2023.11.11"]
[Round "1.13"]
[Result "1-0"]
[White "Thai Dai Van Nguyen"]
[Black "Filip Pancevski"]
[WhiteElo "2624"]
[BlackElo "2441"]
[PlyCount "138"]

1. e4 e5 2. Nf3 Nc6 3. Bc4 Bc5 4. O-O Nf6 5. d3 d6 6. c3 a6 7. a4 O-O 8. h3
h6 9. Re1 Ba7 10. Nbd2 Re8 11. b4 Be6 12. Bxe6 Rxe6 13. Qc2 Qd7 14. Nf1 d5
15. Bd2 Rd8 16. b5 Ne7 17. c4 dxe4 18. dxe4 Qd3 19. Rac1 Qxc2 20. Rxc2 Bc5
21. Bc3 Ng6 22. N1d2 Ra8 23. a5 b6 24. Nb3 Bf8 25. axb6 axb5 26. bxc7 b4
27. Bd2 Rc6 28. c5 Rxc7 29. Rc4 Ra4 30. Rec1 Nd7 31. Bxb4 Nb8 32. Ba5 Rxc4
33. Rxc4 Rc8 34. g3 f6 35. Bd2 Ne7 36. Ra4 Nd7 37. Be3 Nc6 38. Nfd2 Kf7 39.
Nc4 Rc7 40. Nb6 Ncb8 41. Ra8 Nc6 42. Kf1 Be7 43. Nd5 Rb7 44. Na5 Nxa5 45.
Rxa5 Nb8 46. Ke2 Ke6 47. Kd3 Bd8 48. Ra8 f5 49. Kc4 fxe4 50. Nb6 Nc6 51.
Kb5 Rc7 52. Ra6 Nb8 53. Ra4 Nc6 54. Rxe4 Be7 55. Ra4 h5 56. Ra6 Nb8 57. Ra2
Nc6 58. Ra6 Nb8 59. Ra1 Nc6 60. Kc4 Kf5 61. Nd5 Rc8 62. Ra6 Bf8 63. f3 e4
64. g4+ hxg4 65. hxg4+ Ke5 66. f4+ Ke6 67. Nb4 Kd7 68. Nxc6 Rxc6 69. Ra8
1-0